| 000 | 00930nas a2200337 4500 | ||
|---|---|---|---|
| 001 | BR0604216 | ||
| 003 | BR-BrBNA | ||
| 005 | 20231205110357.0 | ||
| 007 | ta | ||
| 008 | 230509b bl.|||p| |||| 00| 00por d | ||
| 040 |
_aBR-BrBNA _bpor _cBiblioteca Nacional de Agricultura |
||
| 041 | _a(En) | ||
| 072 | _aH10 | ||
| 100 | 1 | _aBraga Sobrinho, R. | |
| 100 | 1 | _aCaceres, C. | |
| 100 | 1 | _aIslam, A. | |
| 100 | 1 | _aWomoaypom, V. | |
| 100 | 1 | _aEnkerlin, W. | |
| 245 | 1 | _aDiets based on soybean protein for Mediterranean fruit fly | |
| 650 | _aMOSCA DAS FRUTAS | ||
| 650 | _aCERATITIS CAPITATA | ||
| 650 | _aPROTEINA | ||
| 650 | _aSOJA | ||
| 650 | _aBAGAÇO | ||
| 650 | _aBETERRABA | ||
| 650 | _aBIOLOGIA | ||
| 650 | _aDIETA | ||
| 773 | 0 |
_tPesquisa Agropecuária Brasileira (Brazil) _xISSN 0100-204X _g(Apr 2006), v. 41(4) p. 705-708 _wBR0604216 |
|
| 909 |
_a202311 _bLúcia _c55 _dLúcia Elande |
||
| 942 |
_2AGRIS _n0 _cANA |
||
| 999 |
_c187164 _d187164 |
||